Terrorism, risk and the global city: towards urban resilience (Record no. 51346)
[ view plain ]
| 000 -LEADER | |
|---|---|
| fixed length control field | 01626nam a2200373Ia 4500 |
| 100 1# - MAIN ENTRY--AUTHOR NAME | |
| Personal name | Coaffee, Jon. |
| 245 10 - TITLE STATEMENT | |
| Title | Terrorism, risk and the global city: towards urban resilience |
| 260 ## - PUBLICATION, DISTRIBUTION, ETC. (IMPRINT) | |
| Place of publication | Farnham, Surrey, England : |
| Name of publisher | Ashgate Pub., |
| Year of publication | c2009. |
| 300 ## - PHYSICAL DESCRIPTION | |
| Number of Pages | xii, 361 p. |
| 650 #0 - SUBJECT ADDED ENTRY--TOPICAL TERM | |
| Topical Term | City planning |
| Topical Term | Terrorism |
| Topical Term | City and town life |
| Topical Term | Public buildings |
| Topical Term | Crime prevention and architectural design |
| Topical Term | Risk perception |
| Topical Term | Emergency management |
| Topical Term | London Terrorist Bombings, London, England, 2005. |
| 856 40 - ELECTRONIC LOCATION AND ACCESS | |
| Uniform Resource Identifier | http://site.ebrary.com/lib/rucke/Doc?id=10331433 |
No items available.
